| 000 | 00792nam a2200217 i 4500 | ||
|---|---|---|---|
| 001 | 108011 | ||
| 003 | ES-MaACL | ||
| 005 | 20230906184540.0 | ||
| 007 | t| | ||
| 008 | 070110s1942 sp f ||||1| spa d | ||
| 100 | 1 |
_aBaroja, Carmen. _925750 |
|
| 245 | 1 | 3 |
_aEl arte del encaje / _cpor Carmen Baroja. |
| 260 |
_aMadrid : _bPublicaciones de la Escuela de Artes y Oficios Artísticos, _c1942 ( _fTip. Blass) |
||
| 300 |
_a34 p., 8 lám. ; _c20 cm. |
||
| 490 | 1 |
_aPublicaciones de la Escuela de Artes y Oficios Artísticos de Madrid ; _v9 |
|
| 650 | 1 | 4 |
_aEncajes. _912234 |
| 710 | 2 |
_aEscuela de Artes y Oficios Artísticos (Madrid) _93524 |
|
| 830 | 0 |
_aPublicaciones de la Escuela de Artes y Oficios Artísticos de Madrid ; _v9 _9185495 |
|
| 852 |
_aES-MaACL _jE-4419 |
||
| 999 |
_c108011 _d108011 |
||